01491cas a2200265 450000500170000000800410001702200140005804001120007204100130018404400070019711000730020424501060027724600580038324600210044126001010046230000430056331000170060632100100062365000430063365000530067677602080072978000840093778501300102178500740115120170403143242.0880914d19672004mx fr p 0 b0spa c a0374-5511 aMnMULScMnMULSdNICdOCoLCdInUdAIPdNSTdNSDPdNSTdDLCdOCoLCdMHdOCoLCdDLCdTxUdIUdOCoLCdCO-BoIAVH0 aspaaeng ack2 aUniversidad Nacional Autónoma de MéxicobInstituto de Biología10aAnales del Instituto de Biología, Universidad Nacional Autónoma de México.pSerie Botánica / 1 aAnales del Instituto de Biología.pSerie Botánica30aSerie Botánica aMéxico, D.F. : bInstituto de Biología, Universidad Nacional Autónoma de México.c1967-. biliustraciones y mapas ; c23 x 17 cm. b1991-2004af b-199026aBotánicavPublicaciones periódicas26aBotánicazMéxicovPublicaciones periódicas08iOnline version:aUniversidad Nacional Autónoma de México. Instituto de Biología.tAnales del Instituto de Biología, Universidad Nacional Autónoma de México. Serie Botánicaw(OCoLC)65549392801tAnales del Instituto de Biologíax0076-7174w(DLC)sn 95036213w(OCoLC)164185507tAnales del Instituto de Biología, Universidad Nacional Autónoma de México. Serie Zoología.x0368-8720w(OCoLC)158986107tRevista mexicana de biodiversidadw(DLC) 2005229268w(OCoLC)61752415